000 00946nam a2200217Ia 4500
999 _c40093
_d40093
001 6699
003 GE_BSU
005 20191226105331.0
008 181216s1969||||g |||||||||||||| ||geo||
040 _cGE_BSU
041 _ageo
080 _a821.353.1-32 გ-44
100 _aგვაძაბია, გრიგოლ.
_95974
245 _aსკივრის საიდუმლო :
_bდოკუმენტური მოთხრობები /
_cგრიგოლ გვაძაბია ; რედ. გიორგი ნატროშვილი.
264 _aთბილისი :
_bმერანი,
_c1969.
300 _a18 გვ. ;
_c17 სმ.
653 _aდოკუმენტური მოთხრობები
653 _aსკივრის საიდუმლო
700 _aნატროშვილი, გიორგი
_eრედაქტორი
_93756
942 _cBK
_2udc